The concrete industry (Record no. 110833)

MARC details
000 -LEADER
fixed length control field 01160cad a22002175a 4500
001 - CONTROL NUMBER
control field L150337
008 - FIXED-LENGTH DATA ELEMENTS--GENERAL INFORMATION
fixed length control field 100701s2010 xxk g 000 0 eng d
035 ## - SYSTEM CONTROL NUMBER
System control number (Sirsi) u150337
041 0# - LANGUAGE CODE
Language code of text/sound track or separate title eng
050 ## - LIBRARY OF CONGRESS CALL NUMBER
Classification number 693.5 $2 18
110 2# - MAIN ENTRY--CORPORATE NAME
Corporate name or jurisdiction name as entry element Concrete Industry Sustainable Construction Forum
9 (RLIN) 5859
245 04 - TITLE STATEMENT
Title The concrete industry
Remainder of title sustainability performance report, 2nd report 2008 performance data and release of 2012 performance targets
Medium [electronic resource]
260 ## - PUBLICATION, DISTRIBUTION, ETC.
Place of publication, distribution, etc. Camberley
Name of publisher, distributor, etc. MPA
Date of publication, distribution, etc. 2010
520 ## - SUMMARY, ETC.
Summary, etc. This second report from the Concrete Centre about the concrete industry's sustainability performance, published in March 2010, outlines new targets and more in the development stage; the data comes from a survey of companies supplying 77% of concrete used in the UK.
590 ## - LOCAL NOTE (RLIN)
Local note KA
651 #4 - SUBJECT ADDED ENTRY--GEOGRAPHIC NAME
Geographic name United Kingdom
Chronological subdivision
690 ## - LOCAL SUBJECT ADDED ENTRY--TOPICAL TERM (OCLC, RLIN)
Topical term or geographic name as entry element BUILT ENVIRONMENT-SUSTAINABLE CONSTRUCTION
690 ## - LOCAL SUBJECT ADDED ENTRY--TOPICAL TERM (OCLC, RLIN)
Topical term or geographic name as entry element BUILT ENVIRONMENT-BUILDING MATERIALS-CEMENTITIOUS, CONCRETE AND MINERAL BOUND MATERIALS-CONCRETE
856 40 - ELECTRONIC LOCATION AND ACCESS
Uniform Resource Identifier <a href="https://www.concretecentre.com/online_services/publication_library.aspx">https://www.concretecentre.com/online_services/publication_library.aspx</a>
Public note View the website free of charge at www.concretecentre.com
942 ## - ADDED ENTRY ELEMENTS (KOHA)
Suppress in OPAC 0
Holdings
Withdrawn status Lost status Source of classification or shelving scheme Damaged status Not for loan Home library Current library Shelving location Date acquired Total Checkouts Full call number Barcode Date last seen Copy number Price effective from Koha item type
    Dewey Decimal Classification     Virtual Virtual Online 01/07/2010   ONLINE PUBLICATION 150337-2001 06/08/2019 1 06/08/2019 Book